000 00504nam a2200193Ia 4500
005 20250326125937.0
008 250326s9999 xx 000 0 und d
037 _aTextbook
040 _aFMSL
_beng
_cFMSL
041 _aeng
_2eng
084 _aX:89V N7
_qFMSL
100 _aMorrison A
_9269952
245 0 _aStorage and control of stock
_cMorrison A
250 _a2
260 _aLondon
_bLondon, Pitman
_c1967
300 _a273p
942 _cTB
_hX:89V N7
999 _c1280278
_d1280278